NFL Draft 2016 Quarterbacks Drafted - Statistics

General Stats
  • This quiz has been taken 40 times
  • The average score is 5 of 15
Answer Stats
Round Player Team College % Correct
1 Jared Goff Rams California
100%
1 Carson Wentz Eagles North Dakota State
91%
1 Paxton Lynch Broncos Memphis
61%
4 Dak Prescott Cowboys Mississippi State
55%
3 Jacoby Brissett Patriots North Carolina State
39%
4 Cardale Jones Bills Ohio State
36%
2 Christian Hackenberg Jets Penn State
27%
4 Connor Cook Raiders Michigan State
24%
6 Brandon Allen Jaguars Arkansas
18%
3 Cody Kessler Browns USC
18%
6 Jeff Driskel 49ers Louisiana Tech
15%
6 Jake Rudock Lions Michigan
12%
5 Kevin Hogan Chiefs Stanford
9%
7 Brandon Doughty Dolphins Western Kentucky
6%
6 Nate Sudfeld Redskins Indiana
6%
No matching quizzes found
Score Distribution
Percent of People with Each Score
Percentile by Number Answered
Your Score History
You have not taken this quiz